| 000 | 01915 a2200277 4500 | ||
|---|---|---|---|
| 003 | Nust | ||
| 005 | 20220728102049.0 | ||
| 010 | _a 2014430726 | ||
| 020 | _a9781284054743 | ||
| 020 | _a978284054743 | ||
| 035 | _a(OCoLC)ocn875644339 | ||
| 040 | _cNust | ||
| 082 | 0 | 4 | _a342.7308,GRA |
| 100 | 1 |
_aGrama, Joanna Lyn, _995583 |
|
| 245 | 1 | 0 |
_aLegal issues in information security / _cJoanna Lyn Grama. |
| 250 | _aSecond edition. | ||
| 300 |
_axvii, 552 pages : _billustrations ; _c24 cm. |
||
| 490 | 1 | _aJones & Bartlett Learning information systems security & assurance series | |
| 505 | 0 | _aInformation Security Overview (Page-2), Privacy Overview (Page-33), The American Legal System (Page-68), Security and Privacy of Consumer Financial Information (Page-92), Security and Privacy of Information Belonging to Children and Educational Records (Page-121), Security and Privacy of Health Information (Page-148), Corporate Information Security and Privacy Regulation (Page-188), Federal Government Information Security and Privacy Regulation (Page-218), State Laws Protecting Citizen Information and Breach Notification Laws (Page-248), Intellectual Property Law (Page-276), The Role of Contracts (Page-314), Criminal Law and Tort Law issues in Cyberspace (Page-350), Information Security Governance (Page-389), Risk Analysis and Incident Response (Page-426), Computer Forensics and Investigations (Page-461). | |
| 650 | 0 |
_aData protection _xLaw and legislation _zUnited States. _995584 |
|
| 650 | 0 |
_aInformation storage and retrieval systems _xLaw and legislation _zUnited States. _995585 |
|
| 650 | 0 |
_aInformation storage and retrieval systems _xSecurity measures _xLaw and legislation _zUnited States. _995586 |
|
| 740 | 0 | 2 | _aLaboratory manual to accompany Legal issues in information security. |
| 830 | 0 |
_aJones & Bartlett Learning information systems security & assurance series. _995180 |
|
| 942 |
_2ddc _cREF |
||
| 999 |
_c218187 _d218187 |
||